000 00745nam a2200241Ia 4500
001 12511
003 GE_BSU
008 181216s||||||||xx |||||||||||||| ||und||
040 _cGE_BSU
245 _aInternational Review of the red Cross. Volume 94. Number 888 Winter 2012
245 _bHumanitarian debate:Law,policy,action. Business,violence and conflict
245 _cEditor-in-Chief Vincent Bernard
260 _aCambridge
260 _bCambridge university
260 _c2012
300 _a1190-1585p.23cm.
300 _e2 CD
520 _aნაჩუქარი
653 _aHumanitarian debate:Law,policy,action
653 _aInternational Review of the red Cross
653 _aპერიოდიკა
942 _cCR
999 _c45685
_d45685